Nachbarländer von Deutschland - Statistiken

Allgemein
  • Dieses Quiz wurde 260 mal gespielt
  • Das Durchschnittsergebnis liegt bei 9 aus 9
Antwortstatistiken
Grenzlänge Nachbarland % Korrekt
469 km Polen
100%
817 km Österreich
99%
204 km Belgien
98%
455 km Frankreich
98%
576 km Niederlande
98%
333 km Schweiz
98%
136 km Luxemburg
97%
817 km Tschechische Republik
96%
68 km Dänemark
95%
Keine übereinstimmenden Quizze gefunden
Verteilung der Resultate
Anzahl Personen mit jedem Resultat
Perzentil nach korrekt beantworteten Fragen
Ihre Resultats-Entwicklung
Sie haben dieses Quiz noch nicht gespielt